[Event "ch-FRA w 2015"]
[Site "Saint-Quentin FRA"]
[Date "2015.08.10"]
[Round "2.3"]
[White "Milliet, Sophie"]
[Black "Leconte, Maria"]
[Result "1/2-1/2"]
[WhiteTitle "IM"]
[BlackTitle "WGM"]
[WhiteElo "2383"]
[BlackElo "2251"]
[WhiteFideId "623725"]
[BlackFideId "618446"]
[EventDate "2015.08.09"]

1. e4 e6 2. d4 d5 3. Nc3 Bb4 4. Ne2 Nc6 5. a3 Ba5 6. b4 Bb6 7. Bb2 Nge7 8. Na4
a6 9. Nxb6 cxb6 10. Ng3 Ng6 11. Be2 O-O 12. O-O dxe4 13. Nxe4 Qh4 14. Ng3 Rd8
15. c3 e5 16. d5 b5 17. a4 Be6 18. axb5 Bxd5 19. bxc6 Bxg2 20. cxb7 Bxb7 21. Qc2
Nf4 22. f3 Rd6 23. b5 Rg6 24. Bd1 Rd8 25. Rf2 Rxg3+ 26. hxg3 Qxg3+ 27. Kf1 Qh3+
28. Kg1 Qg3+ 29. Kf1 Qh3+ 30. Kg1 1/2-1/2

[Event "ch-FRA w 2015"]
[Site "Saint-Quentin FRA"]
[Date "2015.08.12"]
[Round "4.5"]
[White "Choisy, Mathilde"]
[Black "Maisuradze, Nino"]
[Result "0-1"]
[WhiteTitle "WFM"]
[BlackTitle "WGM"]
[WhiteElo "2170"]
[BlackElo "2292"]
[WhiteFideId "634565"]
[BlackFideId "13601717"]
[EventDate "2015.08.09"]

1. e4 c6 2. d4 d5 3. e5 c5 4. dxc5 Nc6 5. Nf3 Bg4 6. Be3 e6 7. Bb5 Qa5+ 8. Nc3
Ne7 9. h3 Bxf3 10. Qxf3 O-O-O 11. Bxc6 Nxc6 12. Bd2 Nxe5 13. Qf4 Nc4 14. b4 Qxb4
15. Rb1 Qxc5 16. Qxf7 Qc6 17. Nb5 Bc5 18. Be3 Nxe3 19. fxe3 Bxe3 20. Qxg7 Bb6
21. Rf1 a6 22. Nc3 Ba5 23. Rb3 Rhg8 24. Qd4 e5 25. Qe3 d4 0-1

[Event "ch-FRA w 2015"]
[Site "Saint-Quentin FRA"]
[Date "2015.08.13"]
[Round "5.1"]
[White "Collas, Silvia"]
[Black "Aflalo, Sophie"]
[Result "1-0"]
[WhiteTitle "IM"]
[WhiteElo "2325"]
[BlackElo "2117"]
[WhiteFideId "2902265"]
[BlackFideId "656887"]
[EventDate "2015.08.09"]

1. c4 e5 2. Nc3 Nc6 3. g3 g6 4. Bg2 Bg7 5. e4 d6 6. d3 Nge7 7. Nge2 h5 8. h4 Nd4
9. Nxd4 exd4 10. Ne2 Nc6 11. Bg5 f6 12. Bf4 Bg4 13. f3 Be6 14. Qd2 a5 15. b3 Qd7
16. Rc1 Bf8 17. Kf2 Qg7 18. a3 Rg8 19. Qb2 g5 20. Bd2 g4 21. f4 f5 22. b4 axb4
23. axb4 Be7 24. b5 Nd8 25. Nxd4 Bf6 26. Bc3 Ra2 27. Qxa2 Bxd4+ 28. Bxd4 Qxd4+
29. Ke2 Kf7 30. Qa1 Qc5 31. Qc3 fxe4 32. Bxe4 Re8 33. Rhe1 c6 34. Kf1 cxb5 35.
cxb5 b6 36. Qb2 1-0

[Event "ch-FRA w 2015"]
[Site "Saint-Quentin FRA"]
[Date "2015.08.13"]
[Round "5.2"]
[White "Safranska, Anda"]
[Black "Skripchenko, Almira"]
[Result "1/2-1/2"]
[WhiteTitle "WGM"]
[BlackTitle "IM"]
[WhiteElo "2153"]
[BlackElo "2435"]
[WhiteFideId "11600209"]
[BlackFideId "13900145"]
[EventDate "2015.08.09"]

1. e4 c6 2. d4 d5 3. exd5 cxd5 4. c4 Nf6 5. Nc3 g6 6. Nf3 Bg7 7. cxd5 O-O 8. Bc4
Nbd7 9. O-O Nb6 10. Bb3 Nbxd5 11. h3 b6 12. Re1 Bb7 13. Ne5 Rc8 14. Bd2 a6 15.
Rc1 Rc7 16. Nxd5 Nxd5 17. Qe2 e6 18. Rxc7 Qxc7 19. Rc1 Qd6 20. a3 Rb8 21. Rc2
Rd8 22. Nc4 Qe7 23. Ne5 Qh4 24. Qg4 Qe7 25. Qe2 Qd6 26. Nc4 Qb8 27. Ne5 Qa8 28.
f3 Qb8 29. Kh1 Qd6 30. Bxd5 Qxd5 31. Bc3 Rc8 32. Rd2 h5 33. Qe3 a5 34. Qf4 Rf8
35. Re2 Qd8 36. Qe3 Bd5 37. Re1 Qe7 38. Kh2 Kh7 39. Qe2 Qc7 40. Kh1 Rb8 41. Bd2
Rd8 42. Rc1 Qb7 43. Bf4 Qe7 44. Rc3 Rf8 45. Qe1 Qd8 46. Rc1 Ba8 47. Qf2 Bd5 48.
Qe1 f6 49. Nd3 Rf7 50. Nf2 Rd7 51. Be3 Bb7 52. Ne4 Bd5 53. Qc3 Qe7 54. Qc2 Rb7
55. Qc3 Rd7 56. Qc2 Rb7 57. Qc3 Rd7 58. Qc2 Rb7 1/2-1/2

[Event "ch-FRA w 2015"]
[Site "Saint-Quentin FRA"]
[Date "2015.08.13"]
[Round "5.3"]
[White "Benmesbah, Natacha"]
[Black "Milliet, Sophie"]
[Result "1/2-1/2"]
[WhiteTitle "WIM"]
[BlackTitle "IM"]
[WhiteElo "2200"]
[BlackElo "2383"]
[WhiteFideId "642002"]
[BlackFideId "623725"]
[EventDate "2015.08.09"]

1. e4 c5 2. Nf3 d6 3. Bb5+ Nd7 4. O-O a6 5. Bxd7+ Bxd7 6. d4 cxd4 7. Qxd4 Rc8 8.
a4 e5 9. Qd3 Qc7 10. Nc3 h6 11. Be3 Nf6 12. Rfc1 Be7 13. a5 Be6 14. Nd2 Qc6 15.
f3 d5 16. exd5 Nxd5 17. Nxd5 Bxd5 18. c4 Be6 19. Qe4 O-O 20. Qxc6 Rxc6 21. b4
Rd8 22. c5 Rd3 23. Kf2 Rc8 24. Ke2 Rcd8 25. Ne4 Rb3 26. Rab1 Bc4+ 27. Kf2 Rxb1
28. Rxb1 f5 29. Rc1 Bb5 30. Nd6 Bxd6 31. cxd6 Rxd6 32. g3 Bc6 33. Rc5 e4 34.
fxe4 fxe4 35. Re5 Kf7 36. Rc5 Rf6+ 37. Ke2 Rd6 38. Rc3 Ke6 39. Bc5 Rd7 40. Rc1
Bb5+ 41. Ke1 Kf5 42. Rd1 Bd3 43. h3 Ke6 44. Rd2 Rd5 45. Rf2 Rh5 46. Rh2 Rg5 47.
g4 h5 48. Be3 Rd5 49. Rf2 hxg4 50. hxg4 Rd8 51. Rf5 Bb5 52. Rg5 Rd3 53. Bc5 Kf6
54. Rf5+ Kg6 55. Re5 Bc6 56. Re7 Kf6 57. g5+ Kg6 58. Ke2 Rd5 59. Be3 Bb5+ 60.
Ke1 Bc6 61. Rxe4 Rxg5 62. Bxg5 Bxe4 63. Be7 Kf5 64. Kf2 Kg4 65. Kg1 g5 66. Bc5
Kf3 67. Bf8 g4 68. Be7 g3 69. Bd6 g2 70. Bc5 Bc6 71. Bf8 Be4 1/2-1/2

[Event "ch-FRA w 2015"]
[Site "Saint-Quentin FRA"]
[Date "2015.08.13"]
[Round "5.4"]
[White "Leconte, Maria"]
[Black "Choisy, Mathilde"]
[Result "1/2-1/2"]
[WhiteTitle "WGM"]
[BlackTitle "WFM"]
[WhiteElo "2251"]
[BlackElo "2170"]
[WhiteFideId "618446"]
[BlackFideId "634565"]
[EventDate "2015.08.09"]

1. e4 c5 2. Nf3 d6 3. d4 cxd4 4. Nxd4 Nf6 5. Nc3 a6 6. Be2 e6 7. O-O Be7 8. f4
Nc6 9. Be3 O-O 10. Qe1 Qc7 11. Qg3 Bd7 12. Kh1 Nxd4 13. Bxd4 Bc6 14. Rae1 b5 15.
a3 Qb7 16. Bd3 b4 17. Nd1 bxa3 18. bxa3 g6 19. e5 Nh5 20. Qh3 dxe5 21. fxe5 Rad8
22. Be3 Rd5 23. Bh6 Ng7 24. Rf4 Rfd8 25. Bxg7 Kxg7 26. Ref1 Rf8 27. Ne3 Rxe5 28.
Rxf7+ Rxf7 29. Rxf7+ Kxf7 30. Qxh7+ Ke8 31. Qh8+ Kf7 32. Qh7+ Ke8 33. Qh8+ 1/2-1/2

[Event "ch-FRA w 2015"]
[Site "Saint-Quentin FRA"]
[Date "2015.08.13"]
[Round "5.5"]
[White "Navrotescu, Andreea-Cristiana"]
[Black "Flear, Christine"]
[Result "0-1"]
[WhiteTitle "WFM"]
[BlackTitle "WIM"]
[WhiteElo "2275"]
[BlackElo "2172"]
[WhiteFideId "675946"]
[BlackFideId "602604"]
[EventDate "2015.08.09"]

1. d4 d5 2. c4 c6 3. cxd5 cxd5 4. Bf4 Nf6 5. e3 Nc6 6. Nc3 Bf5 7. Qb3 Na5 8.
Bb5+ Bd7 9. Qa4 Nc6 10. Nf3 e6 11. O-O Nh5 12. Ne5 Nxf4 13. exf4 Nxe5 14. fxe5
Be7 15. f4 g6 16. Qb3 Bxb5 17. Qxb5+ Qd7 18. Qd3 Rc8 19. g4 Rc4 20. b3 Rc6 21.
Ne2 Ba3 22. Rab1 a5 23. f5 O-O 24. b4 axb4 25. Rb3 Rfc8 26. f6 Rc2 27. Qe3 Qd8
28. h4 Rxa2 29. h5 Rcc2 30. Rf2 Qc8 31. hxg6 hxg6 32. Rh2 Ra1+ 33. Kf2 Bc1 34.
Qd3 Raa2 35. Kf3 Bg5 36. Rxb4 Rd2 37. Qb3 Qa8 38. Qb1 Ra1 39. Qb3 Ra3 40. Rxb7
Rd3+ 0-1

[Event "ch-FRA w 2015"]
[Site "Saint-Quentin FRA"]
[Date "2015.08.13"]
[Round "5.6"]
[White "Maisuradze, Nino"]
[Black "Soubirou, Oriane"]
[Result "1-0"]
[WhiteTitle "WGM"]
[WhiteElo "2292"]
[BlackElo "2092"]
[WhiteFideId "13601717"]
[BlackFideId "686034"]
[EventDate "2015.08.09"]

1. d4 e6 2. c4 f5 3. Nc3 Nf6 4. e3 Bb4 5. Qc2 b6 6. Bd3 Bb7 7. f3 O-O 8. Ne2 c5
9. a3 Bxc3+ 10. bxc3 Nc6 11. O-O Qe7 12. Bd2 Na5 13. e4 fxe4 14. fxe4 e5 15. Ng3
g6 16. Bg5 cxd4 17. cxd4 Qd6 18. dxe5 Qd4+ 19. Kh1 Ng4 20. Bf6 Ne3 21. Qe2 Nb3
22. Rae1 Nxf1 23. Rxf1 Nc5 24. Bc2 Rf7 25. h4 Raf8 26. Qf3 Ne6 27. h5 Qc5 28.
Qg4 Rxf6 29. exf6 Qg5 30. Qxg5 Nxg5 31. e5 Kf7 32. hxg6+ hxg6 33. Rd1 Ke6 34.
Bxg6 Kxe5 35. Rxd7 Bc6 36. Rc7 Rxf6 37. Bd3 Kd4 38. Be2 a5 39. Nf5+ Kc3 40. Ne7
Be4 41. Nd5+ Bxd5 42. cxd5+ Kb3 43. Rc6 Rf2 44. Rxb6+ Kxa3 45. Bg4 Rf4 46. Bc8
Rb4 47. Rg6 Rb8 48. Bf5 Nf7 49. Rf6 Ne5 50. d6 Kb4 51. d7 Rd8 52. Kg1 Kc5 53.
Ra6 Kb5 54. Re6 Nc6 55. Re3 a4 56. g4 Kb4 57. Re4+ Kb5 58. Re3 Kb4 59. Re6 Kc5
60. Re8 a3 61. Be6 Kd6 62. Kf2 a2 63. Bxa2 Kxd7 64. Re4 Rf8+ 65. Kg3 Ne7 66. g5
Nf5+ 67. Kg4 Nd6 68. Be6+ Kc7 69. Re2 Ne8 70. g6 Kd6 71. Bf7 Ng7 72. Kg5 Rb8 73.
Kh6 Nf5+ 74. Kh7 Rb1 75. Re6+ Kd7 76. Re5 Rh1+ 77. Kg8 Ne7+ 78. Kf8 Nxg6+ 79.
Bxg6 Kd6 80. Ra5 Re1 81. Bf7 Re5 82. Ra6+ Kc5 83. Be6 Kb5 84. Rd6 Kc5 85. Ke7
Rg5 86. Rd1 Rg7+ 87. Kf6 Rg3 88. Rd5+ Kc6 89. Re5 Rg1 90. Re2 Rg3 91. Ke5 Kc5
92. Rc2+ Kb4 93. Kd4 Rg5 94. Rb2+ Ka5 95. Bd5 Ka4 96. Kc5 Rg3 97. Re2 Rc3+ 98.
Bc4 Rg3 99. Ra2+ Ra3 100. Rb2 Rg3 101. Ra2+ Ra3 102. Rg2 Rh3 103. Rb2 Rg3 104.
Bd5 Rc3+ 105. Kd4 Rg3 106. Be6 Rf3 107. Bc4 Rg3 108. Rb7 Ka3 109. Rb6 Rh3 110.
Bd3 Ka4 111. Kc3 Rh5 112. Rc6 Rg5 113. Ra6+ Ra5 114. Rg6 Rh5 115. Rg1 Ka5 116.
Rb1 Rg5 117. Be2 Rf5 118. Rb8 Re5 119. Bd3 Rg5 120. Bc4 Rh5 121. Kd4 Rg5 122.
Bd5 Rg7 123. Kc5 Ka6 124. Rb2 Rc7+ 125. Bc6 1-0

[Event "ch-FRA w 2015"]
[Site "Saint-Quentin FRA"]
[Date "2015.08.14"]
[Round "6.1"]
[White "Leconte, Maria"]
[Black "Navrotescu, Andreea-Cristiana"]
[Result "0-1"]
[WhiteTitle "WGM"]
[BlackTitle "WFM"]
[WhiteElo "2251"]
[BlackElo "2275"]
[WhiteFideId "618446"]
[BlackFideId "675946"]
[EventDate "2015.08.09"]

1. e4 c5 2. Nf3 d6 3. d4 Nf6 4. Nc3 cxd4 5. Nxd4 g6 6. Be2 Bg7 7. O-O Nc6 8. Nb3
O-O 9. Re1 Be6 10. Bf1 d5 11. Nc5 dxe4 12. Nxe6 fxe6 13. Be3 Nd5 14. Nxe4 Nxe3
15. Rxe3 Bxb2 16. Rb1 Qxd1 17. Rxd1 Rad8 18. Red3 Bd4 19. c3 Bb6 20. Rxd8 Rxd8
21. Rxd8+ Nxd8 22. Bc4 h6 23. Kf1 Kf7 24. Ke2 Nc6 25. f4 Na5 26. Nd2 Kf6 27.
Ne4+ Kf7 28. Nd2 Bc7 29. Ke3 a6 30. a4 Nc6 31. Ke4 Nb8 32. Nb3 Nd7 33. a5 Kf6
34. g4 e5 35. f5 gxf5+ 36. gxf5 Kg5 37. Be6 Nf6+ 38. Ke3 e4 39. Bc8 Bxh2 40.
Bxb7 Bg1+ 41. Ke2 h5 42. Bxa6 h4 43. Kf1 Ba7 44. Bb7 h3 45. Nd4 Kf4 46. Ne2+ Kf3
47. Ng1+ Bxg1 48. Kxg1 Kg3 0-1

[Event "ch-FRA w 2015"]
[Site "Saint-Quentin FRA"]
[Date "2015.08.14"]
[Round "6.2"]
[White "Skripchenko, Almira"]
[Black "Benmesbah, Natacha"]
[Result "1/2-1/2"]
[WhiteTitle "IM"]
[BlackTitle "WIM"]
[WhiteElo "2435"]
[BlackElo "2200"]
[WhiteFideId "13900145"]
[BlackFideId "642002"]
[EventDate "2015.08.09"]

1. e4 c5 2. Nc3 Nc6 3. g3 g6 4. Bg2 Bg7 5. d3 d6 6. Be3 Nh6 7. h3 f5 8. Qd2 Nf7
9. Nge2 Nd4 10. f4 O-O 11. O-O e6 12. Nd1 Qc7 13. Kh2 Bd7 14. Ng1 Rae8 15. c3
Nc6 16. exf5 gxf5 17. Nf3 Ne7 18. Nh4 Bc6 19. Bg1 Bxg2 20. Nxg2 Nd5 21. Nde3 Nf6
22. Rae1 b5 23. Nc2 Nd8 24. Nh4 Nc6 25. Nf3 h6 26. Re2 a5 27. Rfe1 Nd8 28. a3
Qc6 29. Nh4 Rf7 30. Bf2 Rb7 31. Rg1 Nf7 32. Rge1 Nd8 33. Rg1 Nf7 34. Rge1 Nd8
35. Rg1 1/2-1/2

[Event "ch-FRA w 2015"]
[Site "Saint-Quentin FRA"]
[Date "2015.08.14"]
[Round "6.3"]
[White "Milliet, Sophie"]
[Black "Collas, Silvia"]
[Result "1-0"]
[WhiteTitle "IM"]
[BlackTitle "IM"]
[WhiteElo "2383"]
[BlackElo "2325"]
[WhiteFideId "623725"]
[BlackFideId "2902265"]
[EventDate "2015.08.09"]

1. e4 e5 2. Nf3 Nc6 3. Bb5 Nf6 4. O-O Nxe4 5. d4 Nd6 6. Bxc6 dxc6 7. dxe5 Nf5 8.
Qxd8+ Kxd8 9. h3 h6 10. Rd1+ Ke8 11. Nc3 Be6 12. g4 Ne7 13. Nd4 g5 14. Ne4 Bg7
15. Nxe6 fxe6 16. Nc5 b6 17. Nxe6 Bxe5 18. Re1 Bd6 19. f4 gxf4 20. Bxf4 Kd7 21.
Rad1 Ng6 22. Bxd6 cxd6 23. Ng7 Nh4 24. Re6 d5 25. Rf1 Raf8 26. Ref6 Rxf6 27.
Rxf6 Rh7 28. Rf7+ Kc8 29. Kf2 Ng6 30. Kg3 a5 31. h4 Ne5 32. Re7 Ng6 33. Ra7 Kb8
34. Rf7 Ne5 35. Re7 Ng6 36. Rf7 Ne5 37. Re7 Ng6 38. Re8+ Kc7 39. Nf5 Kd7 40. Rb8
Kc7 41. Ra8 Kb7 42. Re8 h5 43. gxh5 Rxh5 44. Kg4 Rh7 45. h5 Nh8 46. h6 c5 47.
Rg8 1-0

[Event "ch-FRA w 2015"]
[Site "Saint-Quentin FRA"]
[Date "2015.08.14"]
[Round "6.4"]
[White "Choisy, Mathilde"]
[Black "Soubirou, Oriane"]
[Result "1-0"]
[WhiteTitle "WFM"]
[WhiteElo "2170"]
[BlackElo "2092"]
[WhiteFideId "634565"]
[BlackFideId "686034"]
[EventDate "2015.08.09"]

1. e4 e6 2. d4 d5 3. Nd2 Nf6 4. e5 Nfd7 5. Ngf3 c5 6. c3 b6 7. h4 Ba6 8. Bxa6
Nxa6 9. Qe2 Nc7 10. Nf1 Qc8 11. Ng3 Qa6 12. h5 h6 13. Qe3 O-O-O 14. Ne2 Be7 15.
O-O g5 16. hxg6 fxg6 17. Nd2 g5 18. b3 Nf8 19. a4 Ng6 20. Ba3 g4 21. f4 gxf3 22.
Nxf3 c4 23. Nf4 Bxa3 24. Nxg6 Rhg8 25. Nfh4 Bf8 26. Nxf8 Rdxf8 27. Rxf8+ Rxf8
28. Qxh6 Re8 29. b4 Kb8 30. Ng6 Nb5 31. Qc1 Nc7 32. Qh6 Nb5 33. Qh3 Nc7 34. Qh7
b5 35. a5 Qc6 36. Rf1 Na6 37. Ne7 Qb7 38. Rf7 Qd7 39. Nf5 Qc6 40. Nd6 Rd8 41.
Rb7+ Ka8 42. Rxa7+ Kb8 43. Rb7+ 1-0

[Event "ch-FRA w 2015"]
[Site "Saint-Quentin FRA"]
[Date "2015.08.14"]
[Round "6.5"]
[White "Aflalo, Sophie"]
[Black "Maisuradze, Nino"]
[Result "0-1"]
[BlackTitle "WGM"]
[WhiteElo "2117"]
[BlackElo "2292"]
[WhiteFideId "656887"]
[BlackFideId "13601717"]
[EventDate "2015.08.09"]

1. e4 c5 2. Nf3 a6 3. d4 cxd4 4. Nxd4 Nf6 5. Bd3 e5 6. Nf3 d5 7. Qe2 dxe4 8.
Bxe4 Nxe4 9. Qxe4 Nc6 10. Nc3 f6 11. O-O Be6 12. Rd1 Qc7 13. Nd5 Qf7 14. c4 Rd8
15. Be3 Bd6 16. Bb6 Rd7 17. Rac1 O-O 18. a3 h6 19. Nb4 Nxb4 20. axb4 Bxb4 21. c5
a5 22. Nh4 Bd2 23. Ra1 Bb3 24. c6 bxc6 25. Rdb1 Rb8 26. Qxc6 Qd5 27. Qxd5+ Rxd5
28. Nf5 Rxb6 29. Ne7+ Kf7 30. Nxd5 Bxd5 31. Ra3 Be4 32. Rd1 Rxb2 33. f3 Bb4 34.
Raa1 Bf5 35. h4 h5 36. Kh2 e4 0-1

[Event "ch-FRA w 2015"]
[Site "Saint-Quentin FRA"]
[Date "2015.08.14"]
[Round "6.6"]
[White "Flear, Christine"]
[Black "Safranska, Anda"]
[Result "0-1"]
[WhiteTitle "WIM"]
[BlackTitle "WGM"]
[WhiteElo "2172"]
[BlackElo "2153"]
[WhiteFideId "602604"]
[BlackFideId "11600209"]
[EventDate "2015.08.09"]

1. d4 d6 2. c4 c6 3. Nc3 g6 4. e4 Bg7 5. h3 a6 6. a4 a5 7. Be3 Na6 8. Nf3 Nf6 9.
Be2 O-O 10. O-O Nb4 11. Rc1 Nd7 12. d5 Qe8 13. Qd2 Na6 14. Rcd1 Ndc5 15. Nd4 Bd7
16. Bh6 cxd5 17. Bxg7 Kxg7 18. cxd5 Nxa4 19. Nxa4 Bxa4 20. b3 Bd7 21. Qxa5 Nc5
22. Qc3 Kg8 23. Qc2 Qd8 24. f4 Qb6 25. Kh1 Rfc8 26. Bc4 Qb4 27. Qe2 b5 28. Bxb5
Bxb5 29. Nxb5 Nxe4 30. Rf3 f5 31. Nd4 Rc3 32. Nc6 Qxb3 33. Nxe7+ Kf7 34. Nxf5
Rxf3 35. Qxe4 Rxh3+ 36. gxh3 Qxd1+ 37. Kg2 Ra2+ 38. Kg3 Ra3+ 39. Ne3 Qg1+ 0-1

[Event "ch-FRA w 2015"]
[Site "Saint-Quentin FRA"]
[Date "2015.08.16"]
[Round "7.1"]
[White "Collas, Silvia"]
[Black "Skripchenko, Almira"]
[Result "0-1"]
[WhiteTitle "IM"]
[BlackTitle "IM"]
[WhiteElo "2325"]
[BlackElo "2435"]
[WhiteFideId "2902265"]
[BlackFideId "13900145"]
[EventDate "2015.08.09"]

1. d4 Nf6 2. Nf3 g6 3. c4 Bg7 4. Nc3 O-O 5. e4 d6 6. Be2 e5 7. O-O Nc6 8. d5 Ne7
9. b4 Nh5 10. c5 Nf4 11. a4 Bg4 12. Bc4 f5 13. Ra3 h6 14. Bxf4 fxe4 15. Nxe4
Rxf4 16. Re1 g5 17. Rc3 Bh5 18. Qb3 Nf5 19. Nfd2 Nd4 20. Qa3 Bg6 21. cxd6 cxd6
22. b5 Bf8 23. g3 Rf7 24. Bf1 g4 25. h3 Bf5 26. h4 Kh8 27. Bg2 a6 28. b6 Qxb6
29. Nc4 Qd8 30. Qc1 Bh7 31. a5 Nb5 32. Rc2 Nd4 33. Rc3 Nb5 34. Rc2 Nd4 35. Rc3
Bxe4 36. Bxe4 Qf6 37. Qd2 h5 38. Nb6 Bh6 39. Qb2 Raf8 40. Rf1 Nb5 41. Rb3 Nd4
42. Rc3 Nb5 43. Rb3 Rc7 44. Kg2 Bg7 45. Qd2 Bh6 46. Qb2 Nd4 47. Rc3 Rff7 48. Qb4
Bd2 0-1

[Event "ch-FRA w 2015"]
[Site "Saint-Quentin FRA"]
[Date "2015.08.16"]
[Round "7.2"]
[White "Maisuradze, Nino"]
[Black "Milliet, Sophie"]
[Result "1/2-1/2"]
[WhiteTitle "WGM"]
[BlackTitle "IM"]
[WhiteElo "2292"]
[BlackElo "2383"]
[WhiteFideId "13601717"]
[BlackFideId "623725"]
[EventDate "2015.08.09"]

1. d4 e6 2. c4 Bb4+ 3. Bd2 Qe7 4. e4 Nf6 5. Bd3 Bxd2+ 6. Nxd2 d6 7. Ngf3 e5 8.
O-O O-O 9. Re1 Bg4 10. h3 Bxf3 11. Nxf3 Nc6 12. Bc2 a5 13. Ba4 Nxd4 14. Nxd4
exd4 15. Qxd4 Qe5 16. Rad1 Rfd8 17. Re3 c6 18. f3 Qxd4 19. Rxd4 Nd7 20. Bc2 Nc5
21. Re1 Ne6 22. Rd2 c5 23. Rd5 Nc7 24. Rd2 Ne6 25. Rd5 Nc7 26. Rd2 Ne6 27. Rd5 1/2-1/2

[Event "ch-FRA w 2015"]
[Site "Saint-Quentin FRA"]
[Date "2015.08.16"]
[Round "7.3"]
[White "Safranska, Anda"]
[Black "Leconte, Maria"]
[Result "1-0"]
[WhiteTitle "WGM"]
[BlackTitle "WGM"]
[WhiteElo "2153"]
[BlackElo "2251"]
[WhiteFideId "11600209"]
[BlackFideId "618446"]
[EventDate "2015.08.09"]

1. e4 e6 2. Qe2 d5 3. exd5 Qxd5 4. Nc3 Qd8 5. g3 Nc6 6. Nf3 Nge7 7. Bh3 Ng6 8.
b3 Nb4 9. d4 Be7 10. Bb2 Nd5 11. O-O-O Nxc3 12. Bxc3 O-O 13. Bg2 a5 14. h4 Ba3+
15. Bb2 Bxb2+ 16. Kxb2 Ne7 17. a3 Bd7 18. Ne5 Bc6 19. Nxc6 Nxc6 20. Bxc6 bxc6
21. h5 h6 22. Rh4 Rb8 23. Re4 Qf6 24. Re5 Rfd8 25. f4 a4 26. b4 Rd6 27. Rd3 Rbd8
28. c3 Rd5 29. Rde3 Rxe5 30. Rxe5 Rd5 31. Qc2 c5 32. bxc5 Rd8 33. Qxa4 Rb8+ 34.
Ka2 Qd8 35. Qc6 Qc8 36. Re2 e5 37. Rxe5 Kf8 38. Re1 Qf5 39. Qe4 Qxh5 40. Re2 Qg4
41. Qe3 Qd7 42. c4 Qa4 43. Qd3 g6 44. d5 Re8 45. d6 Qd7 46. Rxe8+ Kxe8 47. Qd4
cxd6 48. cxd6 Qc6 49. Qe5+ Kd7 50. Qe7+ Kc8 51. Qf8+ Kd7 52. Qxf7+ Kc8 53. Qc7+
Qxc7 54. dxc7 Kxc7 55. Kb3 Kd6 56. a4 1-0

[Event "ch-FRA w 2015"]
[Site "Saint-Quentin FRA"]
[Date "2015.08.16"]
[Round "7.4"]
[White "Benmesbah, Natacha"]
[Black "Flear, Christine"]
[Result "1-0"]
[WhiteTitle "WIM"]
[BlackTitle "WIM"]
[WhiteElo "2200"]
[BlackElo "2172"]
[WhiteFideId "642002"]
[BlackFideId "602604"]
[EventDate "2015.08.09"]

1. e4 c6 2. c4 d5 3. cxd5 cxd5 4. exd5 Nf6 5. Qa4+ Nbd7 6. Nc3 g6 7. Bc4 Bg7 8.
d3 a6 9. Nf3 O-O 10. Qa3 b6 11. O-O Bb7 12. Be3 b5 13. Bb3 Nb6 14. Bxb6 Qxb6 15.
Qxe7 a5 16. Qe3 Qxe3 17. fxe3 a4 18. Bc2 Rfc8 19. Nd4 Nxd5 20. Nxd5 Bxd5 21. Bd1
b4 22. Bf3 Bxf3 23. Rxf3 Bxd4 24. exd4 Rc2 25. Rf2 Rac8 26. Re1 a3 27. bxa3 bxa3
28. Ree2 Rb2 29. g3 Rc1+ 30. Kg2 Rxe2 31. Rxe2 Rd1 32. Kf3 Rxd3+ 33. Ke4 Rd1 34.
Ke5 Kf8 35. Kd5 h5 36. Re3 Rd2 37. Rxa3 Rxh2 38. Kc6 g5 39. d5 h4 40. gxh4 Rxh4
41. Ra8+ Kg7 42. d6 1-0

[Event "ch-FRA w 2015"]
[Site "Saint-Quentin FRA"]
[Date "2015.08.16"]
[Round "7.5"]
[White "Navrotescu, Andreea-Cristiana"]
[Black "Choisy, Mathilde"]
[Result "1/2-1/2"]
[WhiteTitle "WFM"]
[BlackTitle "WFM"]
[WhiteElo "2275"]
[BlackElo "2170"]
[WhiteFideId "675946"]
[BlackFideId "634565"]
[EventDate "2015.08.09"]

1. d4 d5 2. Nf3 Nf6 3. g3 e6 4. Bg2 c6 5. O-O Nbd7 6. b3 Be7 7. c4 O-O 8. Nc3 b6
9. Bb2 Bb7 10. Qc2 Rc8 11. Rad1 Qc7 12. e4 Nxe4 13. Nxe4 dxe4 14. Qxe4 Nf6 15.
Qc2 Rfd8 16. c5 Nd5 17. a3 Bf6 18. Rfe1 Qe7 19. Ne5 Bxe5 20. Rxe5 Rc7 21. Rde1
Qf8 22. Rh5 g6 23. Rh4 Rcd7 24. Rhe4 Nf6 25. Re5 Nd5 26. h4 b5 27. h5 Bc8 28.
hxg6 hxg6 29. Bh3 Ne7 30. d5 Rxd5 31. Rxd5 Rxd5 32. Qc3 Kh7 33. Bg4 Nf5 34. Kg2
Ng7 35. Rh1+ Kg8 36. b4 e5 37. Bf3 Be6 38. Bxd5 Bxd5+ 39. f3 f6 40. Qd3 Qe8 41.
Re1 Ne6 42. Bc1 Qf7 1/2-1/2

[Event "ch-FRA w 2015"]
[Site "Saint-Quentin FRA"]
[Date "2015.08.16"]
[Round "7.6"]
[White "Soubirou, Oriane"]
[Black "Aflalo, Sophie"]
[Result "0-1"]
[WhiteElo "2092"]
[BlackElo "2117"]
[WhiteFideId "686034"]
[BlackFideId "656887"]
[EventDate "2015.08.09"]

1. d4 Nf6 2. c4 g6 3. Nf3 c5 4. d5 d6 5. Nc3 e6 6. e4 exd5 7. exd5 Bg7 8. Bd3
O-O 9. h3 Na6 10. O-O Nc7 11. Bg5 h6 12. Bh4 a6 13. Nd2 g5 14. Bg3 Rb8 15. a4 b6
16. Qf3 Nfe8 17. Bf5 b5 18. axb5 axb5 19. Nce4 Ba6 20. Rxa6 Nxa6 21. cxb5 Nac7
22. b6 Rxb6 23. Nc4 Ra6 24. Rd1 Nb5 25. Qg4 Nd4 26. h4 h5 27. Bh7+ Kxh7 28.
Qxh5+ Kg8 29. hxg5 Nf5 30. Bf4 Ra4 31. Rd3 Rxc4 32. Rh3 Nh6 33. gxh6 Bxb2 34.
Qf5 Qe7 35. Ng5 Nf6 36. Re3 Qd7 37. h7+ Kh8 38. Ne6 fxe6 39. dxe6 Qe7 40. Bh6
Ng4 0-1

[Event "ch-FRA w 2015"]
[Site "Saint-Quentin FRA"]
[Date "2015.08.17"]
[Round "8.1"]
[White "Leconte, Maria"]
[Black "Benmesbah, Natacha"]
[Result "0-1"]
[WhiteTitle "WGM"]
[BlackTitle "WIM"]
[WhiteElo "2251"]
[BlackElo "2200"]
[WhiteFideId "618446"]
[BlackFideId "642002"]
[EventDate "2015.08.09"]

1. e4 c5 2. Nc3 Nc6 3. Bb5 Nd4 4. Nf3 a6 5. Bd3 g6 6. O-O Bg7 7. Nxd4 cxd4 8.
Ne2 d5 9. exd5 Qxd5 10. c3 dxc3 11. dxc3 Nf6 12. c4 Qc6 13. Qc2 O-O 14. Bf4 Rd8
15. Rad1 Be6 16. Be5 Qc5 17. Qc3 Rxd3 18. Rxd3 Ne4 19. Qd4 Qxe5 20. Qxe5 Bxe5
21. Re3 f5 22. f3 Bd6 23. fxe4 Bc5 24. Rf3 fxe4 25. Rg3 Bxc4 26. Kf2 Rd8 27. Ke1
Bxe3 28. Rxe3 Bxa2 29. Rxe4 Bd5 30. Rg4 e5 31. h4 Kf7 32. h5 Rg8 33. hxg6+ Rxg6
34. Rh4 Rxg2 35. Rxh7+ Kg6 36. Rc7 Bf3 37. Nc1 Rxb2 38. Nd3 Rb5 39. Rc8 Kf5 40.
Kf2 Bc6 41. Ke3 e4 42. Rf8+ Ke6 43. Nf4+ Ke5 44. Ng6+ Kd6 45. Nf4 Rb3+ 46. Kd4
Rb4+ 47. Kc3 Ra4 48. Kb3 Ra1 49. Kc4 Rc1+ 50. Kd4 Rd1+ 51. Ke3 Kc5 52. Ke2 Rd6
53. Ke3 b5 54. Rf5+ Kc4 55. Ng2 Bd7 56. Rf1 Rd3+ 57. Kxe4 Bc6+ 0-1